| 000 | 00507pab a2200193 454500 | ||
|---|---|---|---|
| 008 | 180718b2009 xxu||||| |||| 00| 0 eng d | ||
| 100 | _aKing, Ryan D. | ||
| 245 | _aContemporary hate crimes, law enforcement, and the legacy of racial violence | ||
| 260 | _c2009 | ||
| 300 | _ap.291-315. | ||
| 362 | _aApr | ||
| 650 | _aCrime | ||
| 650 | _aEthnic conflicts | ||
| 700 | _aBaller, Robert D. | ||
| 700 | _aMessner, Steven F. | ||
| 773 | _aAmerican Sociological Review | ||
| 908 | _aN | ||
| 909 | _a84189 | ||
| 999 |
_c84189 _d84189 |
||